Central Library OPAC University of Rajshahi

Talk about Russia with Masha Scott / (Record no. 19491)

MARC details
000 -LEADER
fixed length control field 00855nam a22002651 4500
001 - CONTROL NUMBER
control field 19491
003 - CONTROL NUMBER IDENTIFIER
rucl marc code BD-RjUL
005 - DATE AND TIME OF LATEST TRANSACTION
control field 20211209000436.0
008 - FIXED-LENGTH DATA ELEMENTS--GENERAL INFORMATION
fixed length control field 140224s1945 nyu 000 1 eng
035 ## - SYSTEM CONTROL NUMBER
System control number (BD-RjUL)19551
System control number (OCoLC)391851
040 ## - CATALOGING SOURCE
Original cataloging agency DLC
Transcribing agency OKentU
Modifying agency OCoLC
-- OrPS
-- DLC
-- BD-RjUL
Language of cataloging eng
041 ## - LANGUAGE CODE
Language code of text/sound track or separate title eng
082 ## - DEWEY DECIMAL CLASSIFICATION NUMBER
Classification number 813.5
Author mark and year BUT 1945
100 1# - MAIN ENTRY--PERSONAL NAME
Personal name Buck, Pearl S.
Fuller form of name (Pearl Sydenstricker),
Dates associated with a name 1892-1973.
9 (RLIN) 59882
245 10 - TITLE STATEMENT
Title Talk about Russia with Masha Scott /
Statement of responsibility, etc. Pearl S. Buck.
260 ## - PUBLICATION, DISTRIBUTION, ETC. (IMPRINT)
Place of publication, distribution, etc. New York :
Name of publisher, distributor, etc. The John Day company,
Date of publication, distribution, etc. c1945.
300 ## - PHYSICAL DESCRIPTION
Pagination 128 p. ;
Size 20 cm.
500 ## - GENERAL NOTE
General note "Appeared serially in Asia and the Americans under the title Talks with Masha."
651 #0 - SUBJECT ADDED ENTRY--GEOGRAPHIC NAME
Geographic name Soviet Union
General subdivision Social life and customs.
9 (RLIN) 59883
700 1# - ADDED ENTRY--PERSONAL NAME
Personal name Scott, Masha.
942 ## - ADDED ENTRY ELEMENTS (KOHA)
Source of classification or shelving scheme Dewey Decimal Classification
Koha item type Books
Holdings
Lost status Source of classification or shelving scheme Damaged status Not for loan Collection code Permanent Location Current Location Shelving location Date acquired Source of acquisition Cost, normal purchase price Total Checkouts Full call number Date last seen Copy number Koha item type
  Dewey Decimal Classification   Not For Loan Fiction Central Library, University of Rajshahi Central Library, University of Rajshahi Reading Room 08/06/1955 General 7.20   813.5 BUT 1945 24/02/2014 C-1 Books